<?xml version="1.0" encoding="UTF-8"?>
<collection xmlns="http://www.loc.gov/MARC21/slim">
 <record>
  <leader>00814pamaa2200193   4500</leader>
  <controlfield tag="001">0000044279</controlfield>
  <controlfield tag="005">20130626090000.0</controlfield>
  <controlfield tag="008">080922                             eng  </controlfield>
  <datafield tag="020" ind1="0" ind2="0">
   <subfield code="a">9960800237 (pbk.) </subfield>
  </datafield>
  <datafield tag="090" ind1="0" ind2="0">
   <subfield code="a">BP173.4 </subfield>
   <subfield code="b">ALS 2000</subfield>
  </datafield>
  <datafield tag="100" ind1="1" ind2="1">
   <subfield code="a">Al-Sheha </subfield>
  </datafield>
  <datafield tag="245" ind1="1" ind2="0">
   <subfield code="a">Woman in the shade of Islam  </subfield>
   <subfield code="c">prepared by Abdul Rahman Al-Sheha, rendered into English by Mohammed Said Dabas; </subfield>
   <subfield code="f">introduced by; </subfield>
   <subfield code="f">introduced by; </subfield>
   <subfield code="f">Dr. Ahmad Ibn Saifuddin; </subfield>
   <subfield code="f">introduced by; </subfield>
   <subfield code="f">Dr. Ahmad Ibn Saifuddin; </subfield>
   <subfield code="f">revised by; </subfield>
   <subfield code="f">introduced by; </subfield>
   <subfield code="f">Dr. Ahmad Ibn Saifuddin; </subfield>
   <subfield code="f">revised by; </subfield>
   <subfield code="f">Abdulaziz Addwesh.</subfield>
  </datafield>
  <datafield tag="260" ind1="0" ind2="0">
   <subfield code="a">Riyadh: </subfield>
   <subfield code="b">King Fahd National Library, </subfield>
   <subfield code="c">2000.</subfield>
  </datafield>
  <datafield tag="300" ind1=" " ind2=" ">
   <subfield code="a">133 p. :; </subfield>
   <subfield code="c">22 cm.</subfield>
  </datafield>
  <datafield tag="501" ind1="0" ind2="0">
   <subfield code="a">Library</subfield>
  </datafield>
  <datafield tag="650" ind1="0" ind2="0">
   <subfield code="a">Women in Islam </subfield>
  </datafield>
  <datafield tag="650" ind1="0" ind2="0">
   <subfield code="a">Women -- </subfield>
   <subfield code="x">Religious aspects -- </subfield>
   <subfield code="x">Islam </subfield>
  </datafield>
  <datafield tag="700" ind1="1" ind2="1">
   <subfield code="a">Addwesh, Abdulaziz </subfield>
  </datafield>
 </record>
</collection>
